000 00624nam a2200205 4500
999 _c5728
_d5728
003 OSt
005 20220616074150.0
008 220616b ||||| |||| 00| 0 eng d
020 _a0815146175
040 _cALUPE UNIVERSITY
050 _aRM262
_b.Y43 1979
245 _a The year book of drug therapy. 1979
_cEdited by; Leo E Hollister; Daniel L Azarnoff; David G Shand
300 _a468p. :
_bill;
_c24 cm.
500 _aIncludes index.
650 _a Chemotherapy. Drug Therapy Chimiothérapie
700 _aHollister, Leo E.
700 _aAzarnoff, Daniel L.
700 _a Shand, David G.
942 _2lcc
_cBK
_nAB